Europríbeh je tragédia spoločnej meny

Mechanizmy fungovania nástrojov menovej politiky. Diferenciácia úrokových sadzieb podľa stavu ekonomík členských štátov eurozóny. Projekt rozpočtovej disciplíny členských štátov eurozóny. Negatívne dôsledky dlhovej krízy na Slovensku.

Salvato in:
Dettagli Bibliografici
Autore principale: Kubík, Peter, 1978-
Natura: Capitolo di libro
Lingua:slovacco
Soggetti:
Tags: Aggiungi Tag
Nessun Tag, puoi essere il primo ad aggiungerne!!

MARC

LEADER 00000naa a2200000 4500
001 0147920
005 20231006124603.2
041 0 |a slo 
044 |a SK 
245 1 0 |a Europríbeh je tragédia spoločnej meny  |c Peter Kubík 
520 |a Mechanizmy fungovania nástrojov menovej politiky. Diferenciácia úrokových sadzieb podľa stavu ekonomík členských štátov eurozóny. Projekt rozpočtovej disciplíny členských štátov eurozóny. Negatívne dôsledky dlhovej krízy na Slovensku. 
610 2 0 |a Slovensko 
610 2 0 |a Európska únia 
610 2 0 |a eurozóna 
610 2 0 |a politika menová 
610 2 0 |a politika fiškálna 
610 2 0 |a politika kohézna 
610 2 0 |a bezpečnosť ekonomická 
610 2 0 |a spolupráca medzinárodná 
610 2 0 |a kríza finančná 
100 1 |a Kubík, Peter, 1978-